01486cam a22003254a 45000010009000000050017000090080041000260100017000670200015000840200015000990400018001140420008001320500022001400820020001621000028001822450117002102500021003272600058003483000036004065040051004426500038004937000049005317000028005809420012006089990017006209520133006379520130007709520134009009520126010341194737120001016102401.0000320r20012005njua |rb 001 0 eng  a 00036738  a0131973096 a0130814199 aDLCcDLCdDLC apcc00aTA1145b.P33 200100a629.04222bPAP1 aPapacostas, C. S.9467610aTransportation Engineering and Planning /cC.S. Papacostas, P.D. Prevedouros ; SI Conversion by Othman Che Puan. aSI ed. & 3rd ed. aUpper Saddle River, NJ :bPrentice Hall, 2001cc2001. axviii, 685 p. :bill. ;c24 cm. aIncludes bibliographical references and index. 0aTransportation engineering.946771 aPrevedouros, P. D.q(Panos D.),d1961-946781 aPuan, Othman Che 94679 2ddccBB c11518d11518 00102ddc40708BaccahaMAINbMAINc1STd2009-05-10epurchasel1m1o629.04 PAPp000016339r2025-07-15 00:00:00s2011-04-13yBB 00102ddc40708BaccahaMAINbMAINc1STd2009-05-10epurchasel1o629.04 PAPp000016340r2025-07-15 00:00:00s2013-11-03yNB 00102ddc40708BaccahaMAINbMAINc1STd2010-02-28epurchasel4m49o629.04 PAPp000019986r2025-07-15 00:00:00s2013-10-10yBB 00102ddc40708BaccahaMAINbMAINc1STd2010-02-28epurchaseg217.50l0o629.04 PAPp000002766r2025-07-15 00:00:00yBB